Szczegóły MARC21

Metody wnioskowania statystycznego /

003 -Nazwa inst., której nr kontr. jest w polu 001 [,]
    • @
    • Nazwa instytucji, której n kontrolny jest w polu 001
    • NUKAT
005 -DATA I CZAS OSTATNIEJ MODYFIKACJI [,]
    • @
    • pole kontrolne
    • 20241231103306.0
020 -Międzynarod. znormalizowany nr książki - ISBN [ , ]
    • a
    • Numer ISBN
    • 832080924X Find
040 -Instytucja sporządzająca opis [ , ]
    • a
    • Instytucja, która sporządziła opis (NP)
    • Ł U/AS
    • c
    • Instytucja, która sporządziła rekord (NP)
    • Ł U/AS
    • d
    • Instytucja, która zmodyfikowała rekord (P)
    • Ł U/GS
    • d
    • Instytucja, która zmodyfikowała rekord (P)
    • Ł U/MSs
    • d
    • Instytucja, która zmodyfikowała rekord (P)
    • GD 27/AZs
942 -Rodzaj dokumentu [ , ]
    • c
    • Rodzaj dokumentu
    • Książka
100 -Hasło główne - nazwa osobowa [1, ]
    • a
    • Nazwa osobowa (NP)
    • Luszniewicz, Andrzej
    • d
    • Daty biograficzne (NP)
    • (1930- ).
    • 9
    • KHW
    • 25653
245 -Strefa tytułu i oznaczenia odpowiedzialności [1,0]
    • a
    • Tytuł
    • Metody wnioskowania statystycznego / Find
    • c
    • Pozostałe elementy strefy tytułu i oznaczenia odpowiedzialności (NP)
    • Andrzej Luszniewicz.
250 -Strefa wydania [ , ]
    • a
    • Oznaczenie wydania (NP)
    • Wyd. 2 popr. i uzup.
260 -Strefa adresu wydawniczego [ , ]
    • a
    • Miejsce wydania (P)
    • Warszawa :
    • b
    • Nazwa wydawcy (P)
    • Państwowe Wydaw. Ekonomiczne,
    • c
    • Data wydania (P)
    • 1994.
300 -Strefa opisu fizycznego [ , ]
    • a
    • Określenie formy książki i/lub objętość (NP)
    • 171, [1] s. :
    • b
    • Oznaczenie ilustracji (NP)
    • il. ;
    • c
    • Format (NP)
    • 21 cm.
336 -Typ zawartości [ , ]
    • a
    • Termin opisujący typ zawartości
    • Tekst
    • b
    • Kod określający zawartość
    • txt
    • 2
    • Źródło (terminu i kodu)
    • rdacontent
337 -Typ mediów [ , ]
    • a
    • Tryb odtwarzania
    • Bez urządzenia pośredniczącego
    • b
    • Kod typu mediów
    • n
    • 2
    • Źródło (terminu i kodu)
    • rdamedia
338 -Typ/rodzaj nośnika [ , ]
    • a
    • Hasło opisujące typ nośnika
    • Wolumin
    • b
    • Kod typu nośnika
    • nc
    • 2
    • Źródło (terminu i kodu)
    • rdacarrier
490 -Strefa serii i książki wielotomowej - forma nie do wyszukiwania [1, ]
    • a
    • Tytuł (P)
    • Statystyka nie jest trudna / [Helena Kassyk-Rokicka], Andrzej Luszniewicz ; Find
    • v
    • Numeracja (P)
    • 2
500 -Uwaga ogólna [ , ]
    • a
    • Uwaga ogólna (NP)
    • Cz. 1 pod hasłem : Kassyk-Rokicka, Helena.
500 -Uwaga ogólna [ , ]
    • a
    • Uwaga ogólna (NP)
    • Aneks.
080 -Uniwersalna Klasyfikacja Dziesiętna [ , ]
    • a
    • Symbol klasyfikacji
    • 311
    • 2
    • Identyfikator wydania tablic
    • UDC-P058
    • 9
    • UKD
    • 2718
    • b
    • Dopowiedzenie
    • Statystyka jako nauka. Teoria statystyki. Metody statystyczne.
    • 4
    • UKD2
    • 8594
    • x
    • Poddział wspólny
    • (07)
    • c
    • Dopowiedzenie poddz. wspólnego
    • (Wydawnictwa dydaktyczne. Podręczniki).
650 -Hasło przedmiotowe [ ,7]
    • a
    • Hasło przedmiotowe
    • Statystyka matematyczna.
    • 2
    • Źródło terminu
    • kaba
    • 9
    • KHW
    • 131153
980 -Symbol UKD [ , ]
    • a
    • UKD
    • 311(07)
710 -Hasło dodatkowe - nazwa ciała zbiorowego [2, ]
    • a
    • Nazwa ciała zbiorowego lub nazwa geograficzna jako pierwszy element (NP)
    • Państwowe Wydawnictwo Ekonomiczne.
    • 4
    • Kod relacji
    • pbl
    • 9
    • KHW
    • 56286
800 -Hasło dodatkowe opisu książki wielotomowej - nazwa osobowa [1, ]
    • a
    • Nazwa osobowa (NP)
    • Kassyk-Rokicka, Helena
    • d
    • Daty biograficzne (NP)
    • (1939- ).
    • t
    • Tytuł ujednolicony/tytuł (NP)
    • Statystyka nie jest trudna
    • l
    • Język tekstu (NP)
    • (pol.)
    • v
    • Oznaczenie tomu (NP)
    • 2
    • 9
    • KHW
    • 570306
920 -ISBN [ , ]
    • a
    • ISBN
    • 83-208-0924-X Find
Data inwentaryzacji Lokalizacja Status udost. Sygnatura Numer inwentarzowy
1995-03-08BE-2 E.62208
1995-03-08BE-3 S.76613
1995-03-08BE2 S.76615
1995-03-08BE2 S.76617
1995-03-08BE2 S.76619
1995-03-08BG2W.183201W.183201
1995-03-08BG2W.183201W.183203
1995-03-08BG2W.183201W.183204
1995-03-08BG-3W.183201W.183205
1995-03-08BG-3W.183201W.183206
1995-03-08BG2W.183201W.183202
1995-03-08BG-3Z.84557Z.84558
1995-03-08T-3 TS.76609
1995-03-08T-3 TS.76611